Vývoj zahraničného obchodu Slovenskej republiky

Vývoj zahraničného obchodu SR v roku 1998: saldo obchodnej bilancie, export, import, teritoriálna a komoditná štruktúra zahraničného obchodu SR.

Na minha lista:
Detalhes bibliográficos
Autor principal: Oberhauser, Ján Artur
Formato: Capítulo de Livro
Idioma:eslovaco
Assuntos:
Tags: Adicionar Tag
Sem tags, seja o primeiro a adicionar uma tag!

MARC

LEADER 00000naa a2200000 4500
001 r034239
005 20230824100326.5
041 0 |a slo 
044 |a SK 
245 1 0 |a Vývoj zahraničného obchodu Slovenskej republiky  |c Ján Artur Oberhauser 
520 |a Vývoj zahraničného obchodu SR v roku 1998: saldo obchodnej bilancie, export, import, teritoriálna a komoditná štruktúra zahraničného obchodu SR. 
610 2 0 |a obchod zahraničný 
610 2 0 |a Slovensko 
610 2 0 |a bilancia obchodná 
610 2 0 |a vývoz 
610 2 0 |a dovoz 
610 2 0 |a štruktúra dovozu 
610 2 0 |a štruktúra vývozu 
610 2 0 |a 1998 
100 1 |a Oberhauser, Ján Artur